000 00627nam a22002177a 4500
001 77402
003 BD-RjUL
005 20211209082952.0
008 200820r19611875enk||||| |||| 00| 0 eng d
035 _a(BD-RjUL)77627
040 _aBD-RjUL
_beng
_cBD-RjUL
041 _aeng
082 _223
_a821.4
_bHAM 1961
100 _aHales, John W.
_9241221
245 1 0 _aMilton :
_bareopagitica /
_cJohn W. Hales
260 _aLondon :
_bOxford University Press,
_c1875 [impression 1961]
300 _axlv, 160 p.;
_c17 cm.
600 _aMilton, John,
_d1608-1674.
_9241224
650 _aEnglish poetry.
_9241223
942 _2ddc
_cBK
999 _c77402
_d77402